00353pab a2200121 454500008004000000100002600040245007100066260000900137300001500146362001200161650001400173773004400187180718b1962 xxu||||| |||| 00| 0 eng d aVenkatachalapathy, G. aFinancial resources of Panchayati Raj institutions in Madras state c1962 ap.557-563. aOct-Dec aPanchayat aIndian Journal of Public Administration